Sor Juana Inés de la Cruz, o, Las trampas de la fe /
שמור ב:
| מחבר ראשי: | |
|---|---|
| פורמט: | לא ידוע |
| שפה: | Spanish |
| יצא לאור: |
Barcelona :
Seix Barral,
1982.
|
| מהדורה: | 1 edición |
| נושאים: | |
| תגים: |
הוספת תג
אין תגיות, היה/י הראשונ/ה לתייג את הרשומה!
|
MARC
| LEADER | 000000000a22000000004500 | ||
|---|---|---|---|
| 001 | 011853 | ||
| 020 | |a 8432204021 | ||
| 041 | 0 | |a spa | |
| 082 | 0 | 4 | |a M864.4 |b P348so |
| 100 | 1 | |a Paz, Octavio, |d 1914-1998 | |
| 245 | 1 | 0 | |a Sor Juana Inés de la Cruz, o, Las trampas de la fe / |c Octavio Paz. |
| 250 | |a 1 edición | ||
| 260 | 1 | |a Barcelona : |b Seix Barral, |c 1982. | |
| 300 | |a 658 páginas | ||
| 500 | |a Material disponible en BCMA | ||
| 505 | |a Contenido: Las trampas de la fe | ||
| 650 | 4 | |a LITERATURA MEXICANA | |
| 650 | 4 | |a ENSAYOS | |
| 650 | 4 | |a JUANA INES DE LA CRUZ, SOR, 1651-1695 | |
| 500 | |a Colección George Yúdice | ||
| 999 | |c 17880 |d 17880 | ||
| 942 | |c BK |h M864.4 P348so |2 z | ||



